Introducción al derecho del trabajo

Guardat en:
Dades bibliogràfiques
Autor principal: Borrajo Dacruz, Efrén (Autor)
Format: Llibre
Idioma:espanyol
Publicat: Madrid Tecnos 2012
Edició:21a. ed
Matèries:
Etiquetes: Afegir etiqueta
Sense etiquetes, Sigues el primer a etiquetar aquest registre!

MARC

LEADER 00000cam a2200000 a 4500
001 UCE4130
003 CL-VaPUC
008 141009e20120000sp |||||||||||||||||spa|d
020 |a 9788430955435 
082 0 4 |a 344.4601  |b BOR  |2 21 
100 0 |a Borrajo Dacruz, Efrén  |e author  |9 576712 
245 1 0 |a Introducción al derecho del trabajo 
250 |a 21a. ed 
300 |a 446 p 
942 |c BK 
945 |d 20141009 14:36:00  |a arojas 
260 |a Madrid  |b Tecnos  |c 2012 
650 7 |a DERECHO LABORAL  |2 CL-VaPUC  |9 15 
650 0 |a Jurisprudencia  |9 255952 
650 0 |a Contratos  |9 255153 
650 0 |a Sindicatos  |9 255034 
650 0 |a Teoría del derecho  |9 255982 
650 0 |a Fuentes del derecho   |9 255162 
583 |a last modification  |c 20170803 01:34:36  |k Rodrigo Vera 
999 |c 357193  |d 357191 
952 |0 0  |1 0  |3 erb  |4 0  |6 344_460100000000000_BOR_2012  |7 0  |8 A  |9 465026  |a BIBDER  |b BIBDER  |i 5117984  |o 344.4601 BOR 2012  |p 5117984  |r 2023-01-25  |w 2019-11-23  |y BK  |z Catalogado en:20141009  |k DER